000 00584nam a22001817a 4500
003 UA-OsUOA
001 17807
007 ta
008 20040326b un ||||| |||| 00| 0 ukr d
100 _aМамчур В.
942 _cSA
040 _aUA-OsUOA
_cUA-OsUOA
_dUA-OsUOA
245 _aКонсолідуючи зусилля
_b[Про дубен. район. раду , яку очолює В.Р.Мамчур]
300 _aС.2
955 _a0
773 0 _w0
_tВісті Рівненщини
_dРівне
_d2004
_g№25/17 берез./
650 7 _aКраєзнавча робота
_2UDC
999 _c303975
_d303975